বাংলাদেশের শাসন-ব্যবস্থা ও রাজনীতি / (Record no. 38844)
[ view plain ]
| 000 -LEADER | |
|---|---|
| fixed length control field | 00835nam a2200217 a 4500 |
| 001 - CONTROL NUMBER | |
| control field | 38844 |
| 003 - CONTROL NUMBER IDENTIFIER | |
| rucl marc code | BD-RjUL |
| 005 - DATE AND TIME OF LATEST TRANSACTION | |
| control field | 20211209052853.0 |
| 008 - FIXED-LENGTH DATA ELEMENTS--GENERAL INFORMATION | |
| fixed length control field | 160310s1974 bg ||||| |||| 00| 0 ben d |
| 035 ## - SYSTEM CONTROL NUMBER | |
| System control number | (BD-RjUL)38953 |
| 040 ## - CATALOGING SOURCE | |
| Original cataloging agency | BD-RjUL |
| Language of cataloging | eng |
| Transcribing agency | BD-RjUL |
| 041 ## - LANGUAGE CODE | |
| Language code of text/sound track or separate title | ben |
| 082 ## - DEWEY DECIMAL CLASSIFICATION NUMBER | |
| Classification number | 320.8095492 |
| Author mark and year | HOB 1974 |
| 100 ## - MAIN ENTRY--PERSONAL NAME | |
| Personal name | হক, আবুল ফজল |
| 9 (RLIN) | 119782 |
| 245 ## - TITLE STATEMENT | |
| Title | বাংলাদেশের শাসন-ব্যবস্থা ও রাজনীতি / |
| Statement of responsibility, etc. | আবুল ফজল হক |
| 260 ## - PUBLICATION, DISTRIBUTION, ETC. (IMPRINT) | |
| Place of publication, distribution, etc. | ঢাকা : |
| Name of publisher, distributor, etc. | বাংলা একাডেমী, |
| Date of publication, distribution, etc. | ১৯৭৪ |
| 300 ## - PHYSICAL DESCRIPTION | |
| Pagination | ৭, ৫, ৩৯৩ পৃ. ; |
| Size | ২২ সেমি |
| 650 ## - SUBJECT ADDED ENTRY--TOPICAL TERM | |
| Topical term or geographic name as entry element | রাজনীতি ও সরকার |
| Geographic subdivision | বাংলাদেশ |
| 9 (RLIN) | 220608 |
| Topical term or geographic name as entry element | Politics and government |
| Geographic subdivision | Bangladesh |
| 9 (RLIN) | 220609 |
| 942 ## - ADDED ENTRY ELEMENTS (KOHA) | |
| Source of classification or shelving scheme | Dewey Decimal Classification |
| Koha item type | Books |
| Lost status | Source of classification or shelving scheme | Damaged status | Not for loan | Collection code | Permanent Location | Current Location | Shelving location | Date acquired | Total Checkouts | Full call number | Date last seen | Date checked out | Copy number | Koha item type | Source of acquisition | Cost, normal purchase price | Total Renewals |
|---|---|---|---|---|---|---|---|---|---|---|---|---|---|---|---|---|---|
| Dewey Decimal Classification | Non-fiction | Central Library, University of Rajshahi | Central Library, University of Rajshahi | 07/03/2016 | 6 | B 320.8095492 HOB 1974 | 20/08/2024 | 06/06/2024 | C-2 | Books | |||||||
| Dewey Decimal Classification | Non-fiction | Central Library, University of Rajshahi | Central Library, University of Rajshahi | 24/06/1978 | 3 | B 320.8095492 HOB 1974 | 03/05/2018 | 18/04/2018 | C-3 | Books | Youreka book agency, Rajshahi. | 20.00 | |||||
| Dewey Decimal Classification | Non-fiction | Central Library, University of Rajshahi | Central Library, University of Rajshahi | 07/06/1976 | 5 | B 320.8095492 HOB 1974 | 13/05/2018 | 07/05/2018 | C-4 | Books | Youreka book agency, Rajshahi. | 20.00 | |||||
| Dewey Decimal Classification | Non-fiction | Central Library, University of Rajshahi | Central Library, University of Rajshahi | 20/03/1975 | 4 | B 320.8095492 HOB 1974 | 13/04/2023 | 11/04/2023 | C-5 | Books | Rajshahi Heritage, Rajshahi | 20.00 | 1 |